| 000 | 004950000a22001930004500 | ||
|---|---|---|---|
| 001 | 002954 | ||
| 003 | MACL | ||
| 005 | 20150821130356.0 | ||
| 008 | 150821b xxu||||| |||| 00| 0 eng d | ||
| 040 |
_aMACL _cMACL |
||
| 041 | _aEnglish | ||
| 082 | _a622 | ||
| 100 |
_aJain, Gopal Lal _96476 |
||
| 245 |
_aResearch Methodology _bMethods,Tools & Techniques _cGopal Lal Jain |
||
| 260 |
_aDelhi _c2001 _bKnowledge Plus, |
||
| 350 | _a300 | ||
| 650 |
_aApplied Physics _96477 |
||
| 942 |
_k622 _cBK _2ddc |
||
| 999 |
_c14860 _d14860 |
||